| 000 | 00975nam a2200265 i 4500 | ||
|---|---|---|---|
| 001 | bg | ||
| 100 | 1 |
_aAtabekov, Grigorij Iosifovič _d(1908-1966). |
|
| 245 | 1 | 0 |
_aTeoria liniowych obwodów elektrycznych / _cGrigorij Iosifovič Atabiekow ; tł. z jęz. ros. Stanisław Bolkowski, Tadeusz Kaczorek, Jacek Korytkowski. |
| 246 | 1 |
_iTyt. oryg.: _aTeorija linejnyh električeskih cepej. |
|
| 260 |
_aWarszawa : _bWydawnictwa Naukowo-Techniczne, _c1964. |
||
| 300 |
_a515, [1] s. : _bil. ; _c25 cm. |
||
| 500 | _aDar z Biblioteki prof. Jerzego Smyczka | ||
| 504 | _aBibliogr. s. 509-511. Indeks. | ||
| 650 | 9 |
_aObwody elektryczne liniowe _xteoria. |
|
| 650 | 9 | _aUkłady elektryczne. | |
| 700 | 1 |
_aBolkowski, Stanisław _d(1930- ). _eTł. |
|
| 700 | 1 |
_aKaczorek, Tadeusz _d(1932- ). _eTł. |
|
| 700 | 1 |
_aKorytkowski, Jacek. _eTł. |
|
| 040 | _cBPK | ||
| 041 | 1 |
_apol _hrus |
|
| 044 | _aPOL | ||
| 080 | _a621.3 | ||
| 942 | _cKS | ||
| 008 | 130116s pl a f |000 0 pol | ||
| 999 |
_c53885 _d53885 |
||
| 856 |
_uhttp://koha.tu.koszalin.pl/cgi-bin/koha/opac-detail.pl?biblionumber=53885 _yKatalog online BPK |
||